<?xml version="1.0" encoding="UTF-8"?>
<record
    xmlns:xsi="http://www.w3.org/2001/XMLSchema-instance"
    xsi:schemaLocation="http://www.loc.gov/MARC21/slim http://www.loc.gov/standards/marcxml/schema/MARC21slim.xsd"
    xmlns="http://www.loc.gov/MARC21/slim">

  <leader>03442cam a22002775a 4500</leader>
  <controlfield tag="001">18406417</controlfield>
  <controlfield tag="005">20160720130826.0</controlfield>
  <controlfield tag="008">141215s2015    nyua   frb   f001 0 eng d</controlfield>
  <datafield tag="020" ind1=" " ind2=" ">
    <subfield code="a">9781107492622</subfield>
  </datafield>
  <datafield tag="040" ind1=" " ind2=" ">
    <subfield code="a">DLC</subfield>
    <subfield code="b">eng</subfield>
    <subfield code="c">DLC</subfield>
    <subfield code="d">DLC</subfield>
    <subfield code="d">EG-ScBUE</subfield>
  </datafield>
  <datafield tag="082" ind1="0" ind2="4">
    <subfield code="a">330.122</subfield>
    <subfield code="2">22</subfield>
    <subfield code="b">POL</subfield>
  </datafield>
  <datafield tag="245" ind1="0" ind2="4">
    <subfield code="a">The politics of advanced capitalism /</subfield>
    <subfield code="c">edited by Pablo Beramendi ... [et al.]</subfield>
  </datafield>
  <datafield tag="260" ind1=" " ind2=" ">
    <subfield code="a">New York :</subfield>
    <subfield code="b">Cambridge University Press,</subfield>
    <subfield code="c">2015.</subfield>
  </datafield>
  <datafield tag="300" ind1=" " ind2=" ">
    <subfield code="a">xviii, 453 p. :</subfield>
    <subfield code="b">ill. ;</subfield>
    <subfield code="c">23 cm.</subfield>
  </datafield>
  <datafield tag="500" ind1=" " ind2=" ">
    <subfield code="a">Index : p. 447-453.</subfield>
  </datafield>
  <datafield tag="504" ind1=" " ind2=" ">
    <subfield code="a">Bibliography : p.  405-445.</subfield>
  </datafield>
  <datafield tag="505" ind1="8" ind2=" ">
    <subfield code="a">Machine generated contents note: 1. Introduction: the politics of advanced capitalism Pablo Beramendi, Silja Hausermann, Herbert Kitschelt and Hanspeter Kriesi; Part I. Structural Transformations: 2. Prosperity and the evolving structure of advanced economies Carles Boix; 3. The origins of dualism David Rueda, Erik Wibbels and Melina Altamirano; 4. Occupational structure and labor market change in Western Europe since 1990 Daniel Oesch; 5. Globalization, labor market risks, and class cleavage Rafaela Dancygier and Stefanie Walter; 6. The return of the family Gosta Esping-Andersen; Part II. Politics: 7. Party alignments: change and continuity Herbert Kitschelt and Philipp Rehm; 8. What do voters want? Dimensions and configurations in individual-level preferences and party choice Silja Hausermann and Hanspeter Kriesi; 9. Trade unions and the future of democratic capitalism Anke Hassel; Part III. Policies: 10. Post-industrial social policy Evelyne Huber and John Stephens; 11. The dynamics of social investment: human capital, activation, and care Jane Gingrich and Ben Ansell; 12. Stability and change in CMEs: corporate governance and industrial relations in Germany and Denmark Gregory Jackson and Kathleen Thelen; Part IV. Outcomes: 13. Constrained partisanship and economic outcomes Pablo Beramendi; 14. Happiness and the welfare state: decommodification and the political economy of subjective wellbeing Christopher J. Anderson and Jason D. Hecht; 15. Conclusion: advanced capitalism in crisis Pablo Beramendi, Silja Hausermann, Herbert Kitschelt and Hanspeter Kriesi.</subfield>
  </datafield>
  <datafield tag="520" ind1=" " ind2=" ">
    <subfield code="a">"This book serves as a sequel to two distinguished volumes on capitalism: Continuity and Change in Contemporary Capitalism (Cambridge University Press, 1999) and Order and Conflict in Contemporary Capitalism (1985). Both volumes took stock of major economic challenges advanced industrial democracies faced, as well as the ways political and economic elites dealt with them. However, during the last decades, the structural environment of advanced capitalist democracies has undergone profound changes: sweeping deindustrialization, tertiarization of the employment structure, and demographic developments. This book provides a synthetic view, allowing the reader to grasp the nature of these structural transformations and their consequences in terms of the politics of change, policy outputs, and outcomes. In contrast to functionalist and structuralist approaches, the book advocates and contributes to a 'return of electoral and coalitional politics' to political economy research"--</subfield>
  </datafield>
  <datafield tag="650" ind1=" " ind2="7">
    <subfield code="a">Economic policy.</subfield>
    <subfield code="2">BUEsh</subfield>
    <subfield code="9">3322</subfield>
  </datafield>
  <datafield tag="650" ind1=" " ind2="7">
    <subfield code="a">Capitalism</subfield>
    <subfield code="x">Political aspects.</subfield>
    <subfield code="2">BUEsh</subfield>
    <subfield code="9">40361</subfield>
  </datafield>
  <datafield tag="650" ind1=" " ind2="7">
    <subfield code="a">Economics</subfield>
    <subfield code="x">Political aspects.</subfield>
    <subfield code="2">BUEsh</subfield>
    <subfield code="9">40362</subfield>
  </datafield>
  <datafield tag="651" ind1=" " ind2=" ">
    <subfield code="2">BUEsh</subfield>
  </datafield>
  <datafield tag="653" ind1=" " ind2=" ">
    <subfield code="b">LLAAWW</subfield>
    <subfield code="c">July2016</subfield>
  </datafield>
  <datafield tag="700" ind1="1" ind2=" ">
    <subfield code="a">Beramendi, Pablo,</subfield>
    <subfield code="e">editor.</subfield>
  </datafield>
  <datafield tag="942" ind1=" " ind2=" ">
    <subfield code="2">ddc</subfield>
  </datafield>
  <datafield tag="999" ind1=" " ind2=" ">
    <subfield code="c">21984</subfield>
    <subfield code="d">21956</subfield>
  </datafield>
  <datafield tag="952" ind1=" " ind2=" ">
    <subfield code="0">0</subfield>
    <subfield code="1">0</subfield>
    <subfield code="2">ddc</subfield>
    <subfield code="4">0</subfield>
    <subfield code="7">0</subfield>
    <subfield code="8">Baccah</subfield>
    <subfield code="a">MAIN</subfield>
    <subfield code="b">MAIN</subfield>
    <subfield code="c">1ST</subfield>
    <subfield code="d">2016-07-20</subfield>
    <subfield code="e">Purchase</subfield>
    <subfield code="g">375.00</subfield>
    <subfield code="h">26080</subfield>
    <subfield code="l">0</subfield>
    <subfield code="o">330.122 POL</subfield>
    <subfield code="p">000032893</subfield>
    <subfield code="r">2025-07-15 00:00:00</subfield>
    <subfield code="v">468.75</subfield>
    <subfield code="y">BB</subfield>
  </datafield>
  <datafield tag="952" ind1=" " ind2=" ">
    <subfield code="0">0</subfield>
    <subfield code="1">0</subfield>
    <subfield code="2">ddc</subfield>
    <subfield code="4">0</subfield>
    <subfield code="7">0</subfield>
    <subfield code="8">Baccah</subfield>
    <subfield code="a">MAIN</subfield>
    <subfield code="b">MAIN</subfield>
    <subfield code="c">1ST</subfield>
    <subfield code="d">2016-07-20</subfield>
    <subfield code="e">Purchase</subfield>
    <subfield code="g">375.00</subfield>
    <subfield code="h">26080</subfield>
    <subfield code="l">0</subfield>
    <subfield code="o">330.122 POL</subfield>
    <subfield code="p">000032894</subfield>
    <subfield code="r">2025-07-15 00:00:00</subfield>
    <subfield code="v">468.75</subfield>
    <subfield code="y">BB</subfield>
  </datafield>
</record>
